LOST Characters Quiz Stats

Quiz Updated Oct 7, 2013

Also try: LOST: Episodes
Challenge
Share
Tweet
Score 0/40 Timer 07:00
6 Plays Today
Number Character % Correct
1Jack Shephard
97.3%
3Hugo 'Hurley' Reyes
96.2%
5John Locke
95.8%
2Kate Austen
95.2%
4James 'Sawyer' Ford
95.2%
7Jin-Soo Kwon
89.6%
8Sun-Hwa Kwon
89%
10Charlie Pace
88.6%
11Benjamin Linus
88%
9Claire Littleton
84.8%
6Sayid Jarrah
84.7%
14Michael Dawson
83.9%
15Desmond Hume
80%
19Walt Lloyd
75%
23Boone Carlyle
71.5%
13Juliet Burke
70.4%
25Rose Nadler
70.2%
28Daniel Faraday
67.8%
40Jacob
66.7%
30Eko
66.5%
Number Character % Correct
20Shannon Rutherford
64.4%
39Penelope 'Penny' Hume
63.7%
21Richard Alpert
62.8%
26Danielle Rousseau
62%
12Aaron Littleton
62%
27Ana Lucia Cortez
59.7%
38Ethan Rom
58.8%
31Alexandra Rousseau
58.5%
24Bernard Nadler
57.4%
34Christian Shephard
56.2%
16Vincent
55.5%
17The Man in Black
55.2%
36Charles Widmore
53.3%
18Miles Straume
53%
29Elizabeth 'Libby' Smith
52.7%
32Charlotte Staples Lewis
49.9%
22Frank Lapidus
48%
33Tom Friendly
38.2%
35Pierre Chang
29.1%
37Ilana Verdansky
16.7%

You're not logged in!

Compare scores with friends on all Sporcle quizzes.
Sign Up with Email
OR
Log In

You Might Also Like...

Show Comments

Extras

Top Quizzes Today


Score Distribution

Your Account Isn't Verified!

In order to create a playlist on Sporcle, you need to verify the email address you used during registration. Go to your Sporcle Settings to finish the process.